Una antropología del conocimiento: estudio sobre Spinoza
Shranjeno v:
| Glavni avtor: | |
|---|---|
| Format: | Knjiga |
| Jezik: | španščina |
| Izdano: |
Madrid
Universidad Pontificia Comillas
1981
|
| Serija: | Serie I. Estudios, 20: Filosofía y Letras I,5
|
| Teme: | |
| Oznake: |
Označite
Brez oznak, prvi označite!
|
MARC
| LEADER | 00000nam a2200000 a 4500 | ||
|---|---|---|---|
| 001 | UCZ3770 | ||
| 003 | CL-VaPUC | ||
| 008 | 951027e19810000SP |||||||||||||||||spa|d | ||
| 082 | 0 | 4 | |a 149.7 |b TEJ |2 21 |
| 100 | 0 | |a Tejedor Campomanes, Cesar |e author |9 347610 | |
| 245 | 1 | 4 | |a Una antropología del conocimiento: estudio sobre Spinoza |
| 300 | |a 287 p | ||
| 942 | |c BK | ||
| 945 | |d 19951027 00:00:00 |a cmena | ||
| 260 | |a Madrid |b Universidad Pontificia Comillas |c 1981 | ||
| 600 | 0 | 7 | |a SPINOZA, BENEDICTUS DE |2 CL-VaPUC |9 319727 |
| 650 | 0 | |a Racionalismo |9 259116 | |
| 650 | 0 | |a Escuelas filosóficas |9 266232 | |
| 650 | 0 | |a Antropología |9 233030 | |
| 650 | 0 | |a Teoría del conocimiento |9 255038 | |
| 583 | |a last modification |c 19951027 00:00:00 |k Rodrigo Vera | ||
| 490 | 0 | |a Serie I. Estudios, 20: Filosofía y Letras I,5 | |
| 999 | |c 240218 |d 240216 | ||
| 952 | |0 0 |1 0 |4 0 |6 149_700000000000000_TEJ_1981 |7 0 |8 A |9 251944 |a BIBEDU |b BIBEDU |d 2019-11-18 |i 1588729 |o 149.7 TEJ 1981 |p 1588729 |r 2019-11-18 |w 2019-11-18 |y BK |k FIL | ||